000 00597nam a2200205Ia 4500
005 20250923145346.0
008 008 250917s9999 xx 000 0 eng d
037 _aTextual
040 _aDSWL
_beng
_cDSWL
041 _aeng
_2eng
084 _aW81.225'N4, N72
_qDSWL
100 _aSundarayya, P.
_9834461
245 0 _aTelangana peoples struggle and its lessons
_c by P. Sundarayya
260 _aCulcutta
_bDesraj Chadda
_c1972
300 _ax,592p.
365 _aINR
_b18 . 0
925 _g18 . 0
942 _cTEXL
_hW81.225'N4, N72
999 _c1450425
_d1450425